Great game of politics: an effort to present the elementary human facts about politics, politicians, and political machines, candidates and their ways (Record no. 426351)

000 -LEADER
fixed length control field 00514cam a22001337a 4500
008 - FIXED-LENGTH DATA ELEMENTS--GENERAL INFORMATION
fixed length control field 180718b1959 xxu||||| |||| 00| 0 eng d
082 ## - DEWEY DECIMAL CLASSIFICATION NUMBER
Classification number F5x73 K414
100 ## - MAIN ENTRY--PERSONAL NAME
Personal name Kent, Frank R.
245 ## - TITLE STATEMENT
Title Great game of politics: an effort to present the elementary human facts about politics, politicians, and political machines, candidates and their ways
Statement of responsibility, etc. by Frank R. Kent
260 ## - PUBLICATION, DISTRIBUTION, ETC.
Place of publication, distribution, etc. Buffalo
Name of publisher, distributor, etc. Keynes & Marshall
Date of publication, distribution, etc. 1959
300 ## - PHYSICAL DESCRIPTION
Extent 322p
650 ## - SUBJECT ADDED ENTRY--TOPICAL TERM
Topical term or geographic name entry element United States --Politics and government
650 ## - SUBJECT ADDED ENTRY--TOPICAL TERM
Topical term or geographic name entry element Politics, Practical
Holdings
Withdrawn status Lost status Damaged status Not for loan Permanent Location Current Location Date acquired Full call number Barcode Date last seen Price effective from Koha item type
        Indian Institute of Public Administration Indian Institute of Public Administration 2009-10-27 F5x73 K414 29625 2018-07-21 2018-07-21 Book

Powered by Koha